| 000 | 00389 a2200121 4500 | ||
|---|---|---|---|
| 001 | ART_41855 | ||
| 005 | 20260410162024.0 | ||
| 008 | 260409a | ||
| 245 | 1 | 0 | _aPrivaciones múltiples en la Argentina |
| 100 | 1 | _aArévalo Wierna, Carla de los Angeles | |
| 700 | 1 | _aPaz, Jorge Augusto | |
| 773 | 0 |
_tNotas de población _g- Año XLIII, Nº 103 (jul./dic. 2016) _wREV41841 |
|
| 999 |
_c33361 _d33361 |
||